<?xml version="1.0" encoding="UTF-8"?>
<marc:record xmlns:marc="http://www.loc.gov/MARC21/slim">
   <marc:leader>00000nam a2200000 a 4500</marc:leader>
   <marc:datafield ind1="1" ind2=" " tag="100">
      <marc:subfield code="a">Allué, Joseph M.</marc:subfield>
      <marc:subfield code="4">aut</marc:subfield>
      <marc:subfield code="e">Verfasser/-in</marc:subfield>
   </marc:datafield>
   <marc:datafield ind1="1" ind2=" " tag="100">
      <marc:subfield code="a">Gómez, Dani</marc:subfield>
      <marc:subfield code="4">aut</marc:subfield>
      <marc:subfield code="e">Verfasser/-in</marc:subfield>
   </marc:datafield>
   <marc:datafield ind1=" " ind2=" " tag="653">
      <marc:subfield code="a">Drache</marc:subfield>
   </marc:datafield>
   <marc:datafield ind1=" " ind2=" " tag="653">
      <marc:subfield code="a">Wetter</marc:subfield>
   </marc:datafield>
   <marc:datafield ind1=" " ind2=" " tag="653">
      <marc:subfield code="a">Kobold</marc:subfield>
   </marc:datafield>
   <marc:datafield ind1=" " ind2=" " tag="653">
      <marc:subfield code="a">Geschicklichkeit</marc:subfield>
   </marc:datafield>
   <marc:datafield ind1="0" ind2="0" tag="245">
      <marc:subfield code="a">Kleiner Drache Wirbelwind</marc:subfield>
   </marc:datafield>
   <marc:datafield ind1="0" ind2="0" tag="245">
      <marc:subfield code="c">Allué, Joseph M.</marc:subfield>
   </marc:datafield>
   <marc:datafield ind1=" " ind2="1" tag="264">
      <marc:subfield code="a">D-90765 Fürth</marc:subfield>
      <marc:subfield code="b">Zoch Verlag</marc:subfield>
      <marc:subfield code="c">2025</marc:subfield>
   </marc:datafield>
   <marc:datafield ind1="1" ind2=" " tag="520">
      <marc:subfield code="a">Über den Wolken braut sich etwas zusammen: Grummelige Regenkobolde versuchen, das Wetter zu übernehmen, doch die mutigen Sonnenzauberer wollen sie aufhalten. Mit dem kleinen Drachen Wirbelwind an eurer Seite tretet ihr gegen die Kobolde an, um die Sonne am Himmel zu halten! In diesem kooperativen Kinderspiel für 1 bis 5 Spieler ab 4 Jahren führt ihr die Sonnenzauberer sicher über die Wolkenbrücke, bevor die Kobolde ihr Ziel erreichen. Dabei braucht ihr Teamwork, Konzentration und eine ruhige Hand - denn der kleine Drache Wirbelwind hat eine ganz besondere Aufgabe. Nur wenn ihr geschickt zielt, wirbelt er mit seiner Pendelkugel die griesgrämigen Kobolde von der wackeligen Wolkenbrücke. Gelingt es euch, die Sonnenzauberer dabei unversehrt auf die Zielwolke zu bringen? Jede Runde bringt neue Entscheidungen und aufregende Aktionen, die sowohl kleine als auch große Spieler fesseln. Dabei geht es nicht darum, gegeneinander zu gewinnen, sondern gemeinsam eine Lösung zu finden und die Kobolde in ihre Schranken zu weisen!</marc:subfield>
   </marc:datafield>
</marc:record>
